000 00938nam a22002051 4500
001 163803
003 ES-MaACL
005 20251015145326.0
008 030310s1899 sp |||| | spa d
040 _aCCPB | B
_bspa
_cCCPB | B
100 1 _aRodríguez Pinilla, Hipólito,
_d1860-1936
_998733
245 1 0 _aMentiras convencionales de la medicina /
_cHipólito Rodríguez Pinilla ; con un prólogo del Dr. Juan Azua.
260 _aMadrid :
_b[s.n.],
_c1899 (
_fImp. de los hijos de J. Ducazal)
300 _aVI, p. 5-109 ;
_c19 cm.
650 7 _aCreencias médicas errónea
_2
_9143529
700 1 _aAzúa y Suárez, Juan de,
_d1858-1922
_9141521
852 _aES-MaACL
_jT-945-F-2
_z-- Enc. hol., conservando la cub. original
_z-- Enc. en un vol. facticio
856 _uhttp://bibliotecadigitalhispanica.bne.es:80/webclient/DeliveryManager?pid=1833203&custom_att_2=simple_viewer
_zIr a la página
999 _c163803
_d163803